INDIAN SCIENCE ABSTRACTS (Record no. 15692)

MARC details
000 -LEADER
fixed length control field 00469nam a2200145Ia 4500
022 ## - INTERNATIONAL STANDARD SERIAL NUMBER
ISSN 0019-6339
245 #0 - TITLE STATEMENT
Title INDIAN SCIENCE ABSTRACTS
247 ## - FORMER TITLE
Title Bibliography of Scientific Publications of S India
260 ## - PUBLICATION, DISTRIBUTION, ETC. (IMPRINT)
Name of publisher Indian National Scientific and Documentation Centre (INSDOC), New Delhi
Place of publication India
310 ## - CURRENT PUBLICATION FREQUENCY
Current publication frequency F
500 ## - GENERAL NOTE
General note Ending Volume & Year: 24, 1988
500 ## - GENERAL NOTE
General note Starting Volume & Year: 1, 1965
942 ## - ADDED ENTRY ELEMENTS (KOHA)
Koha item type Bound Journal
Holdings
Withdrawn status Lost status Damaged status Not for loan Home library Current library Date acquired Accession Number Koha item type
      Bound journals RRII Library RRII Library 31/12/2021 15467J Bound Journal